Statistics for US States with Highest Divorce Rate

Click here to take the quiz!

General Stats

  • This quiz has been taken 42 times
  • The average score is 7 of 10

Answer Stats

RateState% Correct
14.2%Nevada
83%
12.5%Washington
77%
12.8%Oregon
74%
13.6%Maine
66%
12.5%Tennessee
66%
12.6%Wyoming
66%
12.5%Kentucky
63%
12.9%Oklahoma
63%
12.6%Vermont
60%
12.5%Arkansas
51%

Score Distribution

Percentile by Number Answered

Percent of People with Each Score

Your Score History

You have not taken this quiz